000 00877nam a2200229Ii 4500
003 JO-AjNU
008 230605s9999||||xx |||||||||||||| ||und||
017 _a2021/10/5918
020 _a978-9957-91-899-6
040 _aJO-AjNU
_bara
_erda
_cJO-AjNU
041 _aara
050 1 4 _aLB1169 2022
100 3 _aالقرعان، سالم محمد، م.مشارك ايمن محمد خريسات,
_eauthor
_962857
245 0 0 _aالمهارات الحياتية للأطفال=Life Skills for children
250 _aط1
264 3 1 _aعمان: دار وائل للنشر والتوزيع، 2022
300 _a278ص
336 _atext
_btxt
_2rdacontent
337 _aunmediated
_bn
_2rdamedia
338 _avolume
_bnc
_2rdacarrier
650 4 _aالمهارات الحياتية-السلوك الاجتماعية -الاطفال-علم الاجتماع التربوي
_962858
999 _aA28483
_c32051
_d32051